Knives Out Franchise Cast - Sudden Death - Statistics

General Stats
  • This quiz has been taken 131 times
  • The average score is 11 of 20
Answers on the Grid
Answers color-coded by a green-red scale on the quiz's grid according to % correct below.
Christopher Plummer
Don Johnson
Michael Biehn
Katherine Langford
LaKeith Stanfield
Jared Leto
Edward Furlong
Liza Minnelli
Ed Harris
Michael Shannon
M. Emmet Walsh
Frank Oz
Chris Evans
Ana de Armas
Sam Worthington
Daniel Craig
Janelle Monae
Sigourney Weaver
Leslie Odom Jr.
Stephen Lang
Kate Winslet
Ethan Hawke
Edward Norton
Jaeden Martell
Lance Henriksen
Dave Bautista
Toni Collette
Madelyn Kline
Kate Hudson
Jamie Lee Curtis
 
Answer Stats
Answer % Correct
Daniel Craig
85%
Chris Evans
81%
Ana de Armas
79%
Dave Bautista
70%
Jamie Lee Curtis
70%
Edward Norton
68%
Christopher Plummer
66%
Janelle Monae
61%
Toni Collette
60%
Katherine Langford
59%
Don Johnson
56%
Michael Shannon
55%
Kate Hudson
54%
Madelyn Kline
49%
LaKeith Stanfield
48%
Leslie Odom Jr.
47%
Ethan Hawke
35%
Jaeden Martell
33%
Frank Oz
27%
M. Emmet Walsh
17%
No matching quizzes found
Score Distribution
Percent of People with Each Score
Percentile by Number Answered
Your Score History
You have not taken this quiz